| 000 | 00747ntaaa2200241 4500 | ||
|---|---|---|---|
| 003 | 01 | ||
| 005 | 20251027203302.0 | ||
| 008 | 0714s1973 ag 01 | ||
| 020 | _a9789871105061 | ||
| 040 |
_aAR-BaBN _bspa _cAR-BaBN _eaacr _dRIC |
||
| 082 | _a372.9 R66 | ||
| 245 |
_aLa Argentina en la escuela : _bLa idea de Nación en los textos escolares / _ccoordinado por Luis Alberto Romero |
||
| 250 | _a1° ed. | ||
| 260 |
_aBuenos Aires : _bSIglo XXI, _c2007 |
||
| 300 |
_a238 p. ; _c13,5 x 21 cm. |
||
| 490 | _aHistoria y cultura | ||
| 650 |
_aEDUCACION PRIMARIA _925847 |
||
| 650 |
_aESCUELA ARGENTINA _935807 |
||
| 650 |
_aHISTORIA _9175 |
||
| 650 |
_aTEXTOS ESCOLARES _935808 |
||
| 700 |
_aRomero, Luis Alberto _ecoordinador _930726 |
||
| 942 | _cBK | ||
| 999 |
_c28317 _d28317 |
||